|
|
|
|
| LEADER |
00000cam a2200000 i 4500 |
| 001 |
1/22512 |
| 008 |
931008s1987 gr | ||| |||| ||gre|| |
| 035 |
|
|
|a 1989
|b 2
|c Δωρεά
|l 10036583
|
| 040 |
|
|
|a GR-MY-UA
|b gre
|e aacr
|
| 041 |
0 |
|
|a gre
|
| 082 |
0 |
|
|a 790.1
|
| 100 |
1 |
|
|a Γρίβα, Αγγελική.
|
| 245 |
1 |
0 |
|a Ελάτε να παίξουμε :
|b παιδαγωγικά και ψυχαγωγικά παιχνίδια για μικρούς και μεγάλους /
|c Αγγελική Γρίβα
|
| 260 |
|
|
|a Αθήνα :
|b Θυμάρι,
|c 1987
|
| 300 |
|
|
|a 200 σ.
|
| 490 |
1 |
|
|a Θυμάρι. Αγωγή
|v ; 76
|v ; 16
|
| 650 |
0 |
0 |
|a Games.
|
| 830 |
|
0 |
|a Θυμάρι ;
|v ; 76
|
| 852 |
|
|
|a INST
|b RHODES
|e 19931008
|h 790.1 ΓΡΙ
|p 005400003544
|q 005400003544
|t BK
|y 0
|
| 909 |
|
|
|a Ρ
|b 014829
|c 1989
|